000 00585nam a2200193Ia 4500
003 LDD
008 181029s9999 xx 000 0 und d
020 _a9788175332430
_c2495.00
040 _cLDD
100 _aBhagat P.C
245 0 _aDalit and democratic revolution
_bFrom colonial India to modern India
_cBhagat P.C
260 _aNew Delhi
_bMD Publications
_c2010
300 _a3v.
365 _b2495.00
901 _a5949
_b14-08-2010
902 _aADB/107/D/2010
_b31-08-2010
_cF
_dARUNIM
_eSW
903 _aDiscount-15
_bReqst by : Gracious Thomas
942 _2ddc
_cBK
999 _c90594
_d90594